Poverty and ecclesiology : (Record no. 9375)
[ view plain ]
| 000 -LEADER | |
|---|---|
| fixed length control field | 00881pam a2200241 a 4500 |
| 001 - CONTROL NUMBER | |
| control field | 615171 |
| 005 - DATE AND TIME OF LATEST TRANSACTION | |
| control field | 20260421162115.0 |
| 008 - FIXED-LENGTH DATA ELEMENTS--GENERAL INFORMATION | |
| fixed length control field | 920512s1992 mnu b 000 0 eng |
| 020 ## - INTERNATIONAL STANDARD BOOK NUMBER | |
| International Standard Book Number | 0814650244 |
| Qualifying information | pbk. |
| 020 ## - INTERNATIONAL STANDARD BOOK NUMBER | |
| International Standard Book Number | 9780814650240 |
| Qualifying information | (pbk.) |
| 050 00 - LIBRARY OF CONGRESS CALL NUMBER | |
| Classification number | BV639.P6 |
| Item number | P684 1992 |
| 082 00 - DEWEY DECIMAL CLASSIFICATION NUMBER | |
| Classification number | 261.8/325/09 |
| Edition information | 20 |
| 245 00 - TITLE STATEMENT | |
| Title | Poverty and ecclesiology : |
| Remainder of title | nineteenth-century evangelicals in the light of liberation theology / |
| Statement of responsibility, etc. | Justo L. González ... [et al.] ; Anthony L. Dunnavant, editor. |
| 260 ## - PUBLICATION, DISTRIBUTION, ETC. | |
| Place of publication, distribution, etc. | Collegeville, Minn. : |
| Name of publisher, distributor, etc. | Liturgical Press, |
| Date of publication, distribution, etc. | c1992. |
| 300 ## - PHYSICAL DESCRIPTION | |
| Extent | 104 p. ; |
| Dimensions | 21 cm. |
| 500 ## - GENERAL NOTE | |
| General note | "A Michael Glazier book." |
| 650 #0 - SUBJECT ADDED ENTRY--TOPICAL TERM | |
| Topical term or geographic name entry element | Church work with the poor |
| General subdivision | History. |
| 650 #0 - SUBJECT ADDED ENTRY--TOPICAL TERM | |
| Topical term or geographic name entry element | Evangelicalism |
| Geographic subdivision | United States |
| General subdivision | History |
| Chronological subdivision | 19th century. |
| 650 #0 - SUBJECT ADDED ENTRY--TOPICAL TERM | |
| Topical term or geographic name entry element | Liberation theology. |
| 700 1# - ADDED ENTRY--PERSONAL NAME | |
| Personal name | González, Justo L. |
| 700 1# - ADDED ENTRY--PERSONAL NAME | |
| Personal name | Dunnavant, Anthony L., |
| Dates associated with a name | 1954- |
| 942 ## - ADDED ENTRY ELEMENTS (KOHA) | |
| Source of classification or shelving scheme | Library of Congress Classification |
| Koha item type | Books |
| Suppress in OPAC | No |
| 999 ## - | |
| -- | 9375 |
| -- | 9375 |
| Withdrawn status | Lost status | Source of classification or shelving scheme | Damaged status | Not for loan | Collection | Home library | Current library | Shelving location | Date acquired | Total checkouts | Full call number | Barcode | Date last seen | Price effective from | Koha item type |
|---|---|---|---|---|---|---|---|---|---|---|---|---|---|---|---|
| Library of Congress Classification | Non-fiction | Main Library (Kumasi) | Main Library (Kumasi) | General stacks | 04/21/2026 | BV639.P6P684 POV | bssk00000109 | 04/21/2026 | 04/21/2026 | Books |